Imágenes insólitas de una dictadura : 1939 - 1975 / introducción de José Antonio Marina ; dirección: Miguel Platón ; editor: Javier de Juan y Peñalosa 1939 - 1975 / introducción de José Antonio Marina ; dirección:
ISBN:
84-89614-27-x
Descripción Física:
215 p. : principalment il. ; 31 cm
MARC
| LEADER | 00000nam a2200000Ia 4500 | ||
|---|---|---|---|
| 001 | 21425 | ||
| 003 | BGR | ||
| 005 | 20260324180033.0 | ||
| 008 | 160829s2002 xx 000 0 cat d | ||
| 020 | |a 84-89614-27-x | ||
| 080 | |a FOL-3-57 | ||
| 245 | |a Imágenes insólitas de una dictadura : |b 1939 - 1975 / introducción de José Antonio Marina ; dirección: |b Miguel Platón ; editor: |b Javier de Juan y Peñalosa | ||
| 260 | |a Madrid : |b Agencia EFE, |c 2002 | ||
| 300 | |a 215 p. : |b principalment il. ; |c 31 cm | ||
| 650 | |a Espanya |x Història |x 1939-1975, Franquisme |x Fonts |9 44528 | ||
| 650 | |a Espanya |x Història |x 1939-1975, Franquisme |x Fotografia |9 44529 | ||
| 700 | |a Marina, José Antonio |9 44530 | ||
| 700 | |a Platón, Miguel, dir. |9 44531 | ||
| 700 | 1 | |a Juan Peñalosa, Javier de |9 44532 | |
| 710 | 2 | |9 70128 |a Agencia EFE | |
| 901 | |a Arxiu | ||
| 942 | |n 1 |2 udc |c MON | ||
| 952 | |0 0 |1 0 |4 0 |6 FOL357 |7 1 |9 51976 |a Arxiu |b Arxiu |d 2016-12-01 |l 0 |o FOL-3-57 |p 21425 |r 2016-12-01 00:00:00 |w 2016-12-01 |y ARXIU | ||
| 999 | |c 55823 |d 55823 | ||